Halliday’s introduction to functional grammar

Saved in:
Bibliographic Details
Main Author: HALLIDAY, Michael Alexander Kirkwood
Format: Book
Language:English
Published: Christian M.I.M. Matthiessen. 2014
Tags: Add Tag
No Tags, Be the first to tag this record!

MARC

LEADER 00000nam a22000007a 4500
008 201218b ||||| |||| 00| 0 eng d
020 |a  ISBN: 978-1-4441-4660-8 
100 |a HALLIDAY, Michael Alexander Kirkwood. 
245 |a Halliday’s introduction to functional grammar  |c Michael Alexander Kirkwood Hallidays;  |g  xviii,786p.; ill. 
250 |b 4th ed.-  
260 |b Christian M.I.M. Matthiessen.  |c  2014  |h New York  |i 689441  |i 691139  |i 691140   |l P147 .H15  |m Functionalism (Linquistics).   |m Grammar, comparative and general 
500 |a “It includes index and references 
942 |a lcc  |c BK  |e Olagoke, M.A  |f 18/12/2020 
952 |0 0  |1 0  |2 lcc  |4 0  |6 P0147 H15  |7 0  |9 751  |a HOL  |b ART  |c LP  |d 2020-12-18  |l 0  |o P147 .H15  |p 2020-229967  |r 2020-12-18 00:00:00  |w 2020-12-18  |y BK 
952 |0 0  |1 0  |2 lcc  |4 0  |7 0  |9 752  |a HOL  |b HOL  |c LP  |d 2020-12-18  |o P147 .H15  |p 2020-229968  |r 2020-12-18 00:00:00  |w 2020-12-18  |y BK 
952 |0 0  |1 0  |2 lcc  |4 0  |7 0  |9 753  |a HOL  |b HOL  |c LP  |d 2020-12-18  |o P147 .H15  |p 2020-229969  |r 2020-12-18 00:00:00  |w 2020-12-18  |y BK 
999 |c 424  |d 424